LEADER 00899nam a2200229 i 4500 001 000000165429 003 CaOOAMICUS 005 20071017000000.0 008 071017s1978 it u000 u ita u 013 $a142797 040 $aSeMil$bita 100 1 $aPomilio, Mario,$d<1921-1990>.$0(OLS)http://semarc/name/4097 245 13$aIl cane sull'Etna :$bframmenti d'una enciclopedia del dissesto /$cMario Pomilio. 260 $aMilano :$bRusconi,$c1978. 300 $a164 p. ;$c21 cm. 490 0 $aNarrativa Rusconi 830 0$aNarrativa Rusconi.$0(OLS)http://semarc/title/7305 850 $aSeMil 852 $aSeMil$W1$xVenegono$y1$m1B III 368$j248608$B116623$CSeMilBibl$Z2$F127536 $81 961 $aRecupero: Altro 996 $6245$aIl cane sull'Etna :$bframmenti d'una enciclopedia del dissesto$9(OLS)http://semarc/title/236182 996 $6260$aMilano :$bRusconi$9(OLS)http://semarc/publisher/30258 LEADER 01599nam a2200301 i 4500 001 000000115685 003 CaOOAMICUS 005 20030610000000.0 008 030610s2001 vc u000 u lat u 013 $a88374 020 $a88-209-7116-X 040 $aSeMil$bita 245 10$aGraduale de Tempore :$biuxta Ritum Sacrosanctae Romanae Ecclesiae : Editio Princeps, 1614 /$cPresentazione di Giulio Cattin ; edizione anastatica, Introduzione e Appendice a cura di Giacomo Baroffio, Manlio Sodi. 260 $aCittą del Vaticano :$bLibreria Editrice Vaticana,$c2001. 300 $aXL, 631 p. ;$c24 cm. 490 0 $aMonumenta Studia Instrumenta Liturgica ;$v10 500 $aFac-simile dell'ed. : Romae : Ex Typographia Medicaea, 1614. 650 4$aGraduali - Commenti e studi.$0(OLS)http://semarc/subject/5291 700 1 $aCattin, Giulio <1929- >.$0(OLS)http://semarc/name/8009 700 1 $aBaroffio, Giacomo,$c.$0(OLS)http://semarc/name/90495 700 1 $aSodi, Manlio,$c.$0(OLS)http://semarc/name/180 830 0$aMonumenta Studia Instrumenta Liturgica ;$v10.$0(OLS)http://semarc/title/9420 850 $aSeMil 852 $aSeMil$W1$xVenegono$y1$m3K VI 244$j71191$B71191$CSeMilBibl$Z2$F75661 $81 961 $aAcquisto: Mescat 996 $6020$a88-209-7116-X$9(OLS)http://semarc/number/99547 996 $6245$aGraduale de Tempore :$biuxta Ritum Sacrosanctae Romanae Ecclesiae : Editio Princeps, 1614$9(OLS)http://semarc/title/169491 996 $6260$aCittą del Vaticano :$bLibreria Editrice Vaticana$9(OLS)http://semarc/publisher/29734